000 00420nam a22001457a 4500
999 _c29911
_d29910
003 OSt
005 20210312105029.0
008 210312b ||||| |||| 00| 0 eng d
040 _aMMU
_beng
_cMMU
_dMMU
050 _aHF5548.A23 2015
245 _aAccounting and business analysis/
_cWestern University
260 _aOntario:
_bIvey Publishers,
_c2015.
650 _aaccounting and business analysis
942 _2lcc
_cLOAN LOAN